Statistics for Lande efter bogstav - M

Click here to take the quiz!

General Stats

  • This quiz has been taken 4 times
  • The average score is 8 of 18

Answer Stats

Land% Correct
Mongoliet
100%
Madagaskar
67%
Mali
67%
Malta
67%
Marshalløerne
67%
Moldova
67%
Monaco
67%
Montenegro
67%
Myanmar
67%
Malawi
33%
Malaysia
33%
Maldiverne
33%
Marokko
33%
Mozambique
33%
Mauretanien
0%
Mauritius
0%
Mexiko
0%
Mikronesien
0%

Score Distribution

Percentile by Number Answered

Percent of People with Each Score

Your Score History

You have not taken this quiz